Comercio y marketing internacional/ (Registro nro. 9186)

Detalles MARC
000 -LEADER
fixed length control field 01256nam a2200229Ia 4500
005 - FECHA Y HORA DE LA ÚLTIMA TRANSACCIÓN
control field 20230907105636.0
008 - FIXED-LENGTH DATA ELEMENTS--GENERAL INFORMATION
fixed length control field 230906s9999 xx 000 0 und d
020 ## - INTERNATIONAL STANDARD BOOK NUMBER
International Standard Book Number 978-607-481-321-0
040 ## - CATALOGING SOURCE
Original cataloging agency UPAN
Transcribing agency Biblioteca San Vicente
Description conventions RCAA2
041 ## - LANGUAGE CODE
Language code of text/sound track or separate title spa
082 ## - DEWEY DECIMAL CLASSIFICATION NUMBER
Classification number 658.83
Item number L616c
año de publicación 2010
100 ## - MAIN ENTRY--PERSONAL NAME
Personal name Lerma Kirchner, Alejandro Eugenio
Relator code aut.
245 #0 - TITLE STATEMENT
Title Comercio y marketing internacional/
Statement of responsibility, etc Alejandro E. Lerma Kirchner, Enrique Márquez Castro
250 ## - EDITION STATEMENT
Edition statement 4° ed.
260 ## - PUBLICATION, DISTRIBUTION, ETC. (IMPRINT)
Place of publication, distribution, etc México:
Name of publisher, distributor, etc Cegage Learning,
Date of publication, distribution, etc 2010
300 ## - PHYSICAL DESCRIPTION
Extent 650 p.;
Dimensions 25 cm.
505 ## - FORMATTED CONTENTS NOTE
Formatted contents note Capitulo 1: Conceptos básicos de marketing y comercio internacional<br/>Capitulo 2: El producto en el marketing internacional <br/>Capitulo 3:El precio en el marketing internacional<br/>Capitulo 4: El mercado (plaza)<br/>Capitulo 5: la plmocion en el marketing internacional<br/>Capitulo 6: Los servicios en el marketing internacional<br/>Capitulo 7: Desarrollo del plan de negocios<br/>Capitulo 8: Estudio producto-mercado<br/>Capitulo 9: El plan de exportación<br/>Capitulo 10: Logística de exportación<br/>Capitulo 11: Analisis de competitividad <br/>
650 ## - SUBJECT ADDED ENTRY--TOPICAL TERM
Source of heading or term LEMB
General subdivision Comercio exterior
650 ## - SUBJECT ADDED ENTRY--TOPICAL TERM
Source of heading or term LEMB
General subdivision Mercadeo de exportación
700 ## - ADDED ENTRY--PERSONAL NAME
Personal name Márquez Castro, Enrique
Relator code aut.
942 ## - ADDED ENTRY ELEMENTS (KOHA)
Koha item type Libros
Source of classification or shelving scheme Dewey Decimal Classification
Existencias
Withdrawn status Lost status Source of classification or shelving scheme Damaged status Not for loan Collection code Home library Current library Date acquired Total Checkouts Full call number Barcode Date last seen Copy number Price effective from Koha item type
    Dewey Decimal Classification     Colección General Biblioteca UPAN San Vicente Biblioteca UPAN San Vicente 06/09/2023   658.83 L616c 12003240 06/09/2023 01 06/09/2023 Libros
    Dewey Decimal Classification     Colección General Biblioteca UPAN San Vicente Biblioteca UPAN San Vicente 07/09/2023   658.83 L616c 12003239 07/09/2023 02 07/09/2023 Libros
    Dewey Decimal Classification     Colección General Biblioteca UPAN San Vicente Biblioteca UPAN San Vicente 07/09/2023   658.83 L616c 12003238 07/09/2023 03 07/09/2023 Libros